000 00984nam a2200265 i 4500
001 1414650925
003 AUA.1
005 20251121084520.0
008 231218s2020 mduacd b 000 0 eng d
020 _a 9780925675453
020 _a0925675458
035 _a(OCoLC)1414650925
040 _aEXN
_beng
_cEXN
050 _aBS1556
_b.P43 2020
100 1 _aPfandl, Gerhard,
_eauthor.
245 1 0 _aDaniel God's beloved prophet :
_bhis life and his prophecies /
_cGerhard Pfandl.
260 _aSilver Spring, MD :
_aNampa, ID :
_bBiblical Research Institute;
_bPacific Press Publishing;
_cc2020.
300 _a208 pages :
_billustrations, portraits, charts ;
_c22 cm.
490 0 _aBiblical Research Institute textbooks ;
_v2.
504 _aIncludes bibliographical references.
600 0 0 _aDaniel (Biblical figure)
630 0 0 _aBible.
_pDaniel
_xProphecies.
630 0 0 _aBible.
_pDaniel
_xCriticism, interpretation, etc.
942 _2lcc
_cBOOK
_hBS 1556
_i.P43 2020
999 _c25279
_d25279